| 000 | 00546nam a22001811 4500 | ||
|---|---|---|---|
| 001 | 134176 | ||
| 003 | ES-MaACL | ||
| 005 | 20230906194621.0 | ||
| 007 | t| | ||
| 008 | 070906s1928 gw ||||0| spa d | ||
| 016 | 7 | _zIND2000943737 | |
| 040 |
_aM-BN _bspa _cCDM |
||
| 100 | 1 |
_aWeygandt, W. _9116601 |
|
| 245 | 1 | 3 |
_aLa Universidad de Hamburgo / _cpublicado bajo los auspicios del claustro universitario por... W. Weygandt. |
| 260 |
_a[Hamburgo : _bBroschek & Co, _c1928?] |
||
| 300 |
_a92 p. : _bil. ; _c20 cm. |
||
| 852 |
_aES-MaACL _jB-12271 |
||
| 999 |
_c134176 _d134176 |
||